Fresh water ecology (Record no. 63297)
[ view plain ]
| 000 -LEADER | |
|---|---|
| fixed length control field | 00733nam a2200181 a 4500 |
| 008 - FIXED-LENGTH DATA ELEMENTS--GENERAL INFORMATION | |
| fixed length control field | 120416s1987 ||||||||||||||||| || u |
| 020 ## - INTERNATIONAL STANDARD BOOK NUMBER | |
| International Standard Book Number | 0435606220 |
| 050 ## - LIBRARY OF CONGRESS CALL NUMBER | |
| Classification number | QH 541 Bro |
| 100 ## - MAIN ENTRY--PERSONAL NAME | |
| Personal name | Brown, Alison Leadley |
| 245 10 - TITLE STATEMENT | |
| Title | Fresh water ecology |
| 260 ## - PUBLICATION, DISTRIBUTION, ETC. | |
| Place of publication, distribution, etc. | London |
| Name of publisher, distributor, etc. | Heinemann |
| Date of publication, distribution, etc. | 1987 |
| 300 ## - PHYSICAL DESCRIPTION | |
| Extent | x ; 163p. ; ill. |
| 350 ## - | |
| -- | 0.00 |
| 650 ## - SUBJECT ADDED ENTRY--TOPICAL TERM | |
| Topical term or geographic name entry element | FREASHWATER--ECOLOGY |
| 650 ## - SUBJECT ADDED ENTRY--TOPICAL TERM | |
| Topical term or geographic name entry element | WATER |
| 995 ## - | |
| -- | MAIN LIBRARY OPEN ACCESS |
| -- | 0.00 |
| -- | 731344 |
| -- | CBU-MAIN LIBRARY (Kitwe) |
| -- | 1 |
| -- | 20000.00 |
| -- | QH 541 Bro |
| -- | 1 |
| -- | AVAILABLE |
| -- | Jun 23, 2006 |
| -- | 028841 |
| -- | Main Library Open Access Collection |
| 995 ## - | |
| -- | MAIN LIBRARY OPEN ACCESS |
| -- | 0.00 |
| -- | 731345 |
| -- | CBU-MAIN LIBRARY (Kitwe) |
| -- | 2 |
| -- | 20000.00 |
| -- | QH 541 Bro |
| -- | 2 |
| -- | AVAILABLE |
| -- | 028842 |
| -- | Main Library Open Access Collection |
| 999 ## - | |
| -- | 63297 |
| -- | 63297 |
| Withdrawn status | Lost status | Source of classification or shelving scheme | Damaged status | Not for loan | Permanent Location | Current Location | Shelving location | Date acquired | Total Checkouts | Full call number | Barcode | Date last seen | Price effective from | Koha item type |
|---|---|---|---|---|---|---|---|---|---|---|---|---|---|---|
| CBU-MAIN LIBRARY, KITWE. | CBU-MAIN LIBRARY, KITWE. | 12/24/2022 | QH 541 Bro | 028841 | 12/24/2022 | 12/24/2022 | MONOGRAPH | |||||||
| CBU-MAIN LIBRARY, KITWE. | CBU-MAIN LIBRARY, KITWE. | 12/24/2022 | QH 541 Bro | 028842 | 12/24/2022 | 12/24/2022 | MONOGRAPH |